Najbogatsze stany USA. - Statystyki

Ogólne statystyki
  • Ten quiz został rozwiązany 98 razy
  • Średni wynik to 6 z 10
Statystyki odpowiedzi
Nr. pkb per capita Odpowiedź % Poprawnych
5 75 tys $ Kalifornia
99%
1 86 tys $ Nowy jork
92%
6 75 tys $ Waszyngton
76%
7 73 tys $ Alaska
65%
9 70 tys $ New jersey
59%
2 82 tys $ Massachusetts
54%
10 68 tys $ Maryland
45%
3 78 tys $ Delaware
40%
4 77 tys $ Connecticut
37%
8 72 tys $ Dakota północna
34%
Nie znaleziono quizów pasujących do podanych kryteriów
Rozkład punktacji
Procent ludzi z każdym wynikiem
Percentyl według liczby udzielonych odpowiedzi
Twoja historia wyników
Nie rozwiązałeś tego quizu